Normal view
MARC view
- Asghar Nadeem Syyed
Entry Personal Name
001 - CONTROL NUMBER
- control field: 81005
003 - CONTROL NUMBER IDENTIFIER
- control field: NUST
005 - DATE AND TIME OF LATEST TRANSACTION
- control field: 20210714092814.0
008 - FIXED-LENGTH DATA ELEMENTS
- fixed length control field: 210714|| aca||aabn | a|a d
040 ## - CATALOGING SOURCE
- Original cataloging agency: NUST
- Transcribing agency: NUST
100 ## - HEADING--PERSONAL NAME
- Personal name: Asghar Nadeem Syyed
670 ## - SOURCE DATA FOUND
- Source citation: Work cat.: (NUST): Asghar Nadeem Syyed, Chaand Garehan, 2013
